Political discourse analysis : a method for advanced students
Saved in:
| Main Authors: | , |
|---|---|
| Format: | Book |
| Language: | English |
| Published: |
New York :
Routledge,
2012.
|
| Subjects: | |
| Tags: |
Add Tag
No Tags, Be the first to tag this record!
|
MARC
| LEADER | 00000nam a2200000 a 4500 | ||
|---|---|---|---|
| 001 | 1/111253 | ||
| 008 | 160705s2012####us | ||| |||| ||eng|| | ||
| 020 | |a 9780415499231 | ||
| 040 | |a GR-MyUa |b gre |c GR-MyUa |e AACR2 | ||
| 041 | 0 | |a eng | |
| 082 | 7 | |a 401.47 |2 (23) | |
| 100 | 1 | |a Fairclough, Norman |d 1941- | |
| 245 | 1 | 0 | |a Political discourse analysis : |b a method for advanced students / |c Isabela Fairclough, Norman Fairclough. |
| 260 | |a New York : |b Routledge, |c 2012. | ||
| 300 | |a x, 266 σ. ; |c 25 εκ. | ||
| 504 | |a Περιλαμβάνει βιβλιογραφικές παραπομπές και ευρετήριο. | ||
| 650 | 0 | |a Discourse analysis |x Political aspects. | |
| 650 | 0 | |a Communication in politics | |
| 700 | 1 | |a Fairclough, Isabela, |e aut | |
| 852 | |a INST |b RHODES |e 20160705 |h 401.47 FAI |p 005400038611 |q 005400038611 |t BK |y 0 | ||
| 922 | |a 4ΕΛΗ |b 2016-05 |c ΤΑΚ/ΤΜΣ |d ΔΙΑΔΡΟΜΕΣ | ||
| 970 | |z 05-07-2016 | ||